000
00305nam a22001217a 4500
003
OSt
005
20230612090231.0
008
220729b xxu||||| |||| 00| 0 eng d
040
_c
IIMT UNIVERSITY
100
_a
ACHRYA SHRI RAM SHARMA
245
_a
BHANUBHUTI KA JADUI PITARA MANAV MASTISK
942
_2
ddc
_c
09
999
_c
54233
_d
54233